000 00482nam a22001697a 4500
003 OSt
005 20120302145531.0
008 090508t xxu||||| |||| 00| 0 eng d
035 _a३४९३
040 _cमराठी
100 _aदेशपांडे, कृ .पं.
_94868
245 _aदीनांची साउली
250 _a१ ली
260 _aपुणे
_bनुतन
_c१९८१
300 _b८० पाने
942 _2ddc
_cBOOK
999 _c489996
_d489993